000 00642nam a2200229 i 4500
001 C2-0155129
003 PPAK
005 20180727132206.0
008 980401s1983 my a|||| ||||| | eng d
020 _a9679080218
040 _aPPAK
_beng
_cPPAK
_erda
082 0 4 _a641.5
_223
090 0 0 _a641.5
_bTAN
_dR
100 1 _aTan, Cecilia,
_eauthor
245 1 0 _aPenang nyonya cooking
264 1 _aPetaling Jaya, Selangor :
_bEastern Universities Press ,
_c1983
300 _a144 pages :
_bcolour illustrations ;
_c28 cm
336 _2rdacontent
_atext
337 _2rdamedia
_aunmediated
338 _2rdacarrier
_avolume
942 _ddc
_cB
999 _c47746
_d47746